000 00215 a2200097 4500
001 48691
100 _aTaylor, J.W.R
245 _aA history of aerial warfare
260 _aLondon
_bHamlyn
_c
090 _c31605
_d31605
942 _aNUST-CAE
_cM
_c24009
999 _c283764
_d283764